000 00785nam a2200229Ia 4500
003 GCL
008 140319s9999 xx 000 0 ara d
040 _aGCL /
_cGCL
082 0 4 _a709.04
_bص م
100 1 _aصبحى الشارونى
245 1 0 _aالمثقف المتمرد رمسيس يونان /
_cصبحى الشارونى
260 _aالقاهرة :
_bالهيئة المصرية العامة للكتاب ،
_c1992
300 _a125 ص ؛
_c19 سم
490 _aدراسات فى نقد الفنون الجميلة
_v2
650 0 4 _aالتجريدية
650 0 4 _aالرسم
650 0 4 _aالفن الحديث
650 0 4 _aاللوحات المجرده
650 0 4 _aالرسامون المصريون
650 0 4 _aرمسيس يونان
942 _2ddc
_cBK
999 _c30510
_d30510